01307 a2200193 45000010006000000050017000060080041000230030015000640400040000790800083001192450048002020200022002502640063002723000019003355050703003540410008010571000025010657000023010906393720260521160826.0260521a1984 arg spa dAR-UNSa-BCEJYS aAR-UNSa-BCEJYSbspacAR-UNSa-BCEJYS a658.15xAdministración financiera privada. Gestión financiera de empresas 10aAdministración financiera e inflacíón a978-968-26-0447-8 1aMéxico :bCECSA (Compañia Editorial Continental)c1984 a179 p.c22 cm. a1. La inflación, el análisis financiero y la contabilidad – 2. Contabilidad Dólares constantes, nociones preliminares – 3. Práctica contable: el FAS Núm.33 – 4. El uso de los costos de reemplazo – 5. La inflación y el empleo del pasivo – 6. La contabilidad relacionada con los niveles de precios y la valuación de las acciones – 7. El presupuesto de capital y la inflación – 8. La medición de la actuación y la inflación – 9. La aplicación de índices para considerar efectos inflacionarios – 10. Tasas de interés (estructura a largo plazo) – 11. La inflación y las empresas sujetas a vigilancia – 12. Cómo hacer frente a la inflación –  aspa1 aBierman, Harold, Jr.1 aKelso, Florence M.